LEADER 01590nas a2200337 i 4500 001 991002563159707536 005 20231114120954.0 008 011205m19679999it qr 0 0ita d 022 $a0011-1546 035 $ab11677168-39ule_inst 035 $aPERLE002915$9ExL 080 $aCDU 301 229 3$aLa Critica sociologica 245 03$aLa Critica sociologica. - 1967- 260 $aRoma,$c1967- 591 $aCodice CNR: P 00018935 592 $aLE021 1967-2006; lac.: 1978; 2006; 592 $aLE024 1988-2001; lac.: 1989-1990; 592 $aLE022 2001- lac.: 2000; 907 $a.b11677168$b03-02-14$c08-07-02 912 $a991002563159707536 945 $aLE024$g1$lle021$nex DUSS$o-$pE0.00$q-$rn$so $t18$u0$v0$w0$x0$y.i11904021$z08-07-02 945 $aLE021$ca. 2000/2001$g1$iLE024DUSS-1370$lle021$nex DUSS$on$pE41.31$q-$rn$so $t18$u0$v0$w0$x0$y.i13529663$z20-05-04 945 $aLE021$ca. 2001/2002$g1$iLE024DUSS-1373$lle021$nex DUSS$on$pE55.00$q-$rn$so $t18$u0$v0$w0$x0$y.i13537775$z07-06-04 945 $aLE022$g1$lle022$o-$pE0.00$q-$rn$so $t18$u0$v0$w0$x0$y.i12575112$z02-10-03 945 $aLE022$cvv. 134-135$g1$lle022$nMancano i nn. 132-133$nanno 2000$on$pE41.31$q-$rn$so $t18$u0$v0$w0$x0$y.i12575136$z02-10-03 945 $aLE022$cvv. 136-140$g1$lle022$nanno 2001$on$pE41.31$q-$rn$so $t18$u0$v0$w0$x0$y.i12575148$z02-10-03 945 $aLE021$g1$lle021$o-$pE0.00$q-$rn$so $t18$u0$v0$w0$x0$y.i1190401x$z08-07-02 996 $aCritica sociologica. - 1967-$93590583 997 $aUNISALENTO 998 $a(3)le022$a(4)le021$b01-01-01$cs$da $e-$fita$git $h3$i7 LEADER 03392nam0 2200541 i 450 001 UBO1038391 005 20251003044420.0 010 $a888363070X 020 $aIT$b2000-12684 100 $a20130910d2000 ||||0itac50 ba 101 | $aita 102 $ait 181 1$6z01$ai $bxxxe 182 1$6z01$an 200 1 $aFund raising per le organizzazioni non profit$eetica e pratica della raccolta fondi per il terzo settore$fValerio Melandri e Alberto Masacci 210 $aMilano$cIl sole-24 ore$d2000 215 $aXX, 378 p.$cill.$d22 cm 300 $aSegue: Appendici. 606 $aEnti senza scopo di lucro$xCapitale$2FIR$3CFIC118844$9I 676 $a338.43361763$9INDUSTRIE SECONDARIE E SERVIZI. ASPETTI FINANZIARI. Organizzazioni senza scopo di lucro$v21 676 $a361.7630681$9INTERVENTO SOCIALE DA PARTE DI ORGANIZZAZIONI SENZA SCOPO DI LUCRO. AMMINISTRAZIONE FINANZIARIA$v19 696 $aOrganizzazioni no-profit$aOrganizzazioni nonprofit$aEnti del Terzo settore$aOrganizzazioni senza scopo di lucro$aAziende non profit$aOrganizzazioni non a scopo di lucro$aNon profit$aOrganizzazioni non profit$aOrganizzazioni non-profit$aEnti non profit$aEnti di Terzo settore$aTerzo settore $aAziende no profit$aOrganizzazioni del Terzo settore$aOrganizzazioni private senza scopo di lucro$aEnti no-profit 699 $aEnti senza scopo di lucro$yOrganizzazioni no-profit 699 $aEnti senza scopo di lucro$yOrganizzazioni nonprofit 699 $aEnti senza scopo di lucro$yEnti del Terzo settore 699 $aEnti senza scopo di lucro$yOrganizzazioni senza scopo di lucro 699 $aEnti senza scopo di lucro$yAziende non profit 699 $aEnti senza scopo di lucro$yOrganizzazioni non a scopo di lucro 699 $aEnti senza scopo di lucro$yNon profit 699 $aEnti senza scopo di lucro$yOrganizzazioni non profit 699 $aEnti senza scopo di lucro$yOrganizzazioni non-profit 699 $aEnti senza scopo di lucro$yEnti non profit 699 $aEnti senza scopo di lucro$yEnti di Terzo settore 699 $aEnti senza scopo di lucro$yTerzo settore 699 $aEnti senza scopo di lucro$yAziende no profit 699 $aEnti senza scopo di lucro$yOrganizzazioni del Terzo settore 699 $aEnti senza scopo di lucro$yOrganizzazioni private senza scopo di lucro 699 $aEnti senza scopo di lucro$yEnti no-profit 700 1$aMelandri$b, Valerio$3RAVV099865$4070$0479700 701 1$aMasacci$b, Alberto$3UBOV404648$4070$0561540 801 3$aIT$bIT-000000$c20130910 850 $aIT-BN0095 901 $bNAP 01$cPOZZO LIB.$nVi sono collocati fondi di economia, periodici di ingegneria e scienze, periodici di economia e statistica e altri fondi comprendenti documenti di economia pervenuti in dono. 912 $aUBO1038391 950 0$aBiblioteca Centralizzata di Ateneo$b1 v. (2. copie);$c1 v. in due copie$d 01POZZO LIB.ECON MON 5679$e 0101 0000286195E VMA 1 v.$fB $h20210408$i20210408$b1 v. (2. copie);$c1 v. in due copie$d 01POZZO LIB.ECON MON 5679$e 01C 0008006305E VMA (bis 1 v. (2. copia. - Precedente collocazione: EC C 000 630)$fB $h20130411$i20130411 977 $a 01 996 $aFund Raising per le organizzazioni non profit$9942953 997 $aUNISANNIO